| 000 | 00000nas 2200000zi 4500 |
| 001 | 9.931881 |
| 003 | CaOODSP |
| 005 | 20240118144331 |
| 006 | m o d f |
| 007 | cr ||||||||||| |
| 008 | 231229d19001926oncar p o f0###a0eng|d |
| 040 | |aCaOODSP|beng|erda|cCaOODSP |
| 043 | |an-cn--- |
| 086 | 1 |aW91E-PDF |
| 110 | 2 |aOttawa Improvement Commission (Canada)|eauthor, |eissuing body. |
| 245 | 10|aReport of the Ottawa Improvement Commission for the fiscal year ended 31st March ... |
| 264 | 1|aOttawa, Canada : |bOttawa Improvement Commission, |c[1901-1926] |
| 310 | |aAnnual |
| 336 | |atext|btxt|2rdacontent |
| 337 | |acomputer|bc|2rdamedia |
| 338 | |aonline resource|bcr|2rdacarrier |
| 362 | 1 |aBegan with: 1901; ceased with: 1926. |
| 500 | |aDigitized edition from print [National Capital Commission]. |
| 500 | |aDigitization quality varies; some issues do not display title. |
| 610 | 20|aOttawa Improvement Commission (Canada)|vPeriodicals. |
| 650 | 0|aRegional planning|zNational Capital Region (Ont. and Québec)|vPeriodicals. |
| 650 | 6|aUrbanisme|zCapitale nationale, Région de la (Ont. et Québec)|vPériodiques. |
| 651 | 0|aCanada|xCapital and capitol. |
| 655 | 7|aPeriodicals|2lcgft |
| 785 | 00|tReport of the Federal District Commission for the fiscal year ended 31st March ...|w(CaOODSP)9.931877 |